[Event "Stuttgart-chA int"]
[Site "Ditzingen"]
[Date "2018.05.10"]
[Round "1"]
[White "Handel, Oliver"]
[Black "Koch, Martin"]
[Result "1-0"]
[WhiteElo "1836"]
[BlackElo "2056"]
[PlyCount "103"]
[EventDate "2018.05.10"]
[EventType "swiss"]
[EventRounds "7"]
[EventCountry "GER"]
[SourceTitle "EXT 2020"]
[Source "ChessBase"]
[SourceDate "2019.10.17"]
[SourceVersion "1"]
[SourceVersionDate "2019.10.17"]
[SourceQuality "1"]

1. e4 c5 2. Nf3 e6 3. d4 cxd4 4. Nxd4 Nf6 5. Nc3 d6 6. Be2 a6 7. 0-0 Nbd7 8. Be3 Qc7 9. f4 b5 10. a3 Bb7 11. Bd3 Be7 12. Re1 0-0 13. g4 Nb6 14. g5 Nfd7 15. Qg4 Nc4 16. Bxc4 Qxc4 17. Rad1 Rfe8 18. f5 Ne5 19. Qg3 Rad8 20. h4 Bf8 21. h5 Qc8 22. g6 exf5 23. gxf7+ Nxf7 24. exf5 Ne5 25. Ne6 Rxe6 26. fxe6 Qxe6 27. Rf1 Qe8 28. Bd4 Rc8 29. Rf5 Qc6 30. Rdf1 a5 31. Qh2 b4 32. axb4 axb4 33. Nd1 Qe4 34. R5f4 Qc6 35. Ne3 Be7 36. c3 bxc3 37. bxc3 Bg5 38. Qa2+ d5 39. Bxe5 Bxf4 40. Rxf4 Re8 41. Bd4 Qd6 42. Qf2 Qe6 43. Qg3 Re7 44. Rf5 h6 45. Rf6 Qe4 46. Rxh6 Qb1+ 47. Kh2 Qb2+ 48. Ng2 Qe2 49. Qg6 Qe4 50. Qxe4 dxe4 51. Rg6 Bc8 52. h6 1-0

[Event "Wuerttemberg-ch KT"]
[Site "Stuttgart"]
[Date "2016.09.04"]
[Round "9"]
[White "Mueller, Thomas2222"]
[Black "Handel, Oliver"]
[Result "1/2-1/2"]
[WhiteElo "2027"]
[BlackElo "1854"]
[PlyCount "47"]
[EventDate "2016.08.27"]
[EventType "swiss"]
[EventRounds "9"]
[EventCountry "GER"]
[SourceTitle "EXT 2017"]
[Source "ChessBase"]
[SourceDate "2016.10.25"]
[SourceVersion "1"]
[SourceVersionDate "2016.10.25"]
[SourceQuality "1"]

1. d4 Nf6 2. Nf3 e6 3. e3 c5 4. Bd3 d5 5. b3 Be7 6. Bb2 0-0 7. Nbd2 b6 8. Ne5 Bb7 9. 0-0 Nbd7 10. f4 Ne4 11. Rf3 f6 12. Nxd7 Qxd7 13. Rh3 f5 14. Nf3 Bf6 15. Qe2 Rac8 16. c4 dxc4 17. bxc4 Rfd8 18. Ne5 Bxe5 19. fxe5 Qf7 20. Rf1 h6 21. Rh4 Qg6 22. Rh3 Kh7 23. Rd1 Qf7 24. Rf3 1/2-1/2

[Event "Wuerttemberg-ch KT"]
[Site "Stuttgart"]
[Date "2016.08.28"]
[Round "2"]
[White "Handel, Oliver"]
[Black "Reindl, Jork"]
[Result "1/2-1/2"]
[WhiteElo "1854"]
[BlackElo "1436"]
[PlyCount "58"]
[EventDate "2016.08.27"]
[EventType "swiss"]
[EventRounds "9"]
[EventCountry "GER"]
[SourceTitle "EXT 2017"]
[Source "ChessBase"]
[SourceDate "2016.10.25"]
[SourceVersion "1"]
[SourceVersionDate "2016.10.25"]
[SourceQuality "1"]

1. e4 e5 2. Nf3 Nc6 3. Bb5 Bd6 4. 0-0 Nf6 5. Re1 0-0 6. d4 Re8 7. d5 Ne7 8. Bg5 Ng6 9. c4 h6 10. Bd2 Qe7 11. a3 c6 12. Ba4 a5 13. Nc3 Bc5 14. h3 Nh5 15. Be3 Bd6 16. g3 Nf6 17. Qd2 c5 18. Rad1 Rd8 19. Qd3 Bb8 20. d6 Qe6 21. Kg2 b6 22. Nh2 Ne8 23. Nb5 Ba6 24. Nc7 Nxc7 25. dxc7 Bxc7 26. b3 d6 27. Bc6 Rab8 28. f4 Ne7 29. f5 Qc8 1/2-1/2

[Event "Stuttgart-chB int"]
[Site "Ditzingen"]
[Date "2016.05.07"]
[Round "5"]
[White "Handel, Oliver"]
[Black "Steinhart, Matthias"]
[Result "1-0"]
[WhiteElo "1854"]
[BlackElo "1741"]
[PlyCount "39"]
[EventDate "2016.05.05"]
[EventType "swiss"]
[EventRounds "7"]
[EventCountry "GER"]
[SourceTitle "EXT 2018"]
[Source "ChessBase"]
[SourceDate "2017.10.13"]
[SourceVersion "1"]
[SourceVersionDate "2017.10.13"]
[SourceQuality "1"]

1. e4 e5 2. Nf3 Nc6 3. Bb5 a6 4. Ba4 Nf6 5. 0-0 b5 6. Bb3 Bb7 7. c3 Nxe4 8. Re1 d5 9. d4 Be7 10. dxe5 Na5 11. Bc2 Ng5 12. Nxg5 Bxg5 13. e6 Bxc1 14. exf7+ Kxf7 15. Qxc1 Re8 16. Qf4+ Kg8 17. Nd2 Re7 18. Bxh7+ Kh8 19. Bg6 Rd7 20. Qg4 1-0

[Event "Stuttgart-chB int"]
[Site "Ditzingen"]
[Date "2016.05.06"]
[Round "4"]
[White "Loechel, Guenter"]
[Black "Handel, Oliver"]
[Result "1-0"]
[WhiteElo "1744"]
[BlackElo "1854"]
[PlyCount "127"]
[EventDate "2016.05.05"]
[EventType "swiss"]
[EventRounds "7"]
[EventCountry "GER"]
[SourceTitle "EXT 2018"]
[Source "ChessBase"]
[SourceDate "2017.10.13"]
[SourceVersion "1"]
[SourceVersionDate "2017.10.13"]
[SourceQuality "1"]

1. e4 c5 2. Nf3 d6 3. h3 a6 4. Nc3 Nc6 5. d4 cxd4 6. Nxd4 e5 7. Nf3 Nf6 8. Bd3 Be7 9. 0-0 0-0 10. Nd5 Nxd5 11. exd5 Nb8 12. Nh2 f5 13. c4 Nd7 14. Be3 b6 15. f3 Nc5 16. Bc2 a5 17. a3 Nd7 18. Bd3 Nf6 19. g4 f4 20. Bf2 h5 21. Qe2 g5 22. Bc2 Rf7 23. Kg2 Rg7 24. Qd3 Qc7 25. b4 Ba6 26. b5 Bc8 27. Rfc1 Bd7 28. gxh5 Nxh5 29. Ng4 Rf8 30. Rd1 Bf6 31. Qe4 Bd8 32. Bd3 Bf5 33. Nh6+ Kh8 34. Nxf5 Rh7 35. Nxd6 Nf6 36. Qxe5 Re7 37. Nf7+ Rfxf7 38. Qxc7 Bxc7 39. Bd4 Be5 40. Bxe5 Rxe5 41. Re1 Rfe7 42. Kf2 Nd7 43. Rxe5 Nxe5 44. Be2 Nd7 45. Rg1 Re5 46. Rh1 Kg7 47. h4 Kg6 48. hxg5 Rxg5 49. Rg1 Rxg1 50. Kxg1 Kf5 51. Kh2 Ke5 52. Kh3 Nc5 53. Kg4 Nd7 54. Kg5 Nc5 55. Bf1 Nd7 56. Bh3 Nc5 57. d6 Kxd6 58. Kxf4 Nd3+ 59. Ke3 Ne5 60. Bf1 Ke6 61. Ke4 Nd7 62. Bh3+ Kd6 63. Bxd7 Kxd7 64. Kd5 1-0

[Event "Stuttgart-chB int"]
[Site "Ditzingen"]
[Date "2014.05.29"]
[Round "2"]
[White "Piskaykin, Bogdan"]
[Black "Handel, Oliver"]
[Result "1-0"]
[WhiteElo "1672"]
[BlackElo "1597"]
[PlyCount "120"]
[EventDate "2014.05.29"]
[EventType "swiss"]
[EventRounds "7"]
[EventCountry "GER"]
[SourceTitle "EXT 2015"]
[Source "ChessBase"]
[SourceDate "2014.11.20"]
[SourceVersion "1"]
[SourceVersionDate "2014.11.20"]
[SourceQuality "1"]

1. e4 e5 2. Nf3 Nc6 3. Bb5 a6 4. Ba4 Nf6 5. 0-0 b5 6. Bb3 Bb7 7. Ng5 d5 8. exd5 Nd4 9. Nf3 Nxb3 10. axb3 Bd6 11. c4 0-0 12. d3 c6 13. dxc6 Bxc6 14. Re1 Qc7 15. Nc3 h6 16. Ne4 Nxe4 17. dxe4 Bb4 18. Bd2 Rfd8 19. Qc2 Bxd2 20. Nxd2 Rd7 21. Rec1 Qb7 22. cxb5 Bxb5 23. Nc4 Rc8 24. Rd1 Rdc7 25. Rac1 Qc6 26. Qd3 Qe6 27. Qd5 Bxc4 28. bxc4 Qxd5 29. exd5 Rxc4 30. Rxc4 Rxc4 31. d6 Rc8 32. g3 f6 33. Kg2 Kf7 34. d7 Rd8 35. Ra1 Rxd7 36. Rxa6 Rb7 37. Ra2 Ke6 38. Kf3 Rb3+ 39. Ke2 e4 40. Kd1 f5 41. Kc1 Rf3 42. b4 Rb3 43. Rb2 Rxb2 44. Kxb2 Kd5 45. Kc3 g5 46. b5 f4 47. b6 e3 48. fxe3 f3 49. b7 f2 50. b8Q f1Q 51. Qd8+ Ke5 52. Qd4+ Ke6 53. Qc4+ Qxc4+ 54. Kxc4 Ke5 55. Kd3 h5 56. e4 h4 57. Ke3 hxg3 58. hxg3 g4 59. Kd3 Ke6 60. Kd4 Kd6 1-0

[Event "Stuttgart-chB int"]
[Site "Ditzingen"]
[Date "2013.05.10"]
[Round "4"]
[White "Handel, Oliver"]
[Black "Mihalache, Victor"]
[Result "1-0"]
[WhiteElo "1705"]
[BlackElo "1334"]
[PlyCount "27"]
[EventDate "2013.05.09"]
[EventType "swiss"]
[EventRounds "7"]
[EventCountry "GER"]
[SourceTitle "EXT 2014"]
[Source "ChessBase"]
[SourceDate "2013.11.20"]
[SourceVersion "1"]
[SourceVersionDate "2013.11.20"]
[SourceQuality "1"]

1. e4 e5 2. Nf3 Nc6 3. Bb5 Nf6 4. 0-0 a6 5. Ba4 b5 6. Bb3 d5 7. exd5 Nxd5 8. Re1 f6 9. d4 Bg4 10. dxe5 Bxf3 11. Qxf3 Nce7 12. exf6 Nxf6 13. Qc6+ Nd7 14. Qe6 1-0